Statistiques concernant Capitales européennes dans la chanson française

Cliquez ici pour prendre le quiz!

Statistiques générales

  • Ce quiz a été pris 7 213 fois
  • Le résultat moyen est 6 sur 14

Statistiques - réponses

AnnéeInterprète(s)Titre% Correct
2021Angèle{Bruxelles} je t'aime
93%
2013Julien Doré{Paris}-Seychelles
85%
1989François FeldmanLes Valses de {Vienne}
66%
1984Etienne DahoWeek-end à {Rome}
63%
1964Jacques BrelAmsterdam
53%
1994MC SolaarLe Syndrome de {Stockholm}
52%
1976Joe DassinLe Jardin du {Luxembourg}
46%
1985Philippe LafontaineTamisez {Londres}
40%
2009Christophe WillemBerlin
22%
1956Gilbert BécaudLe pianiste de {Varsovie}
19%
2018Eddy de PrettoRue de {Moscou}
19%
1959Maria Candido/Tino RossiLes cloches de {Lisbonne}
17%
1966Rika ZaraïPrague
10%
2019Vanessa ParadisKiev
8%

Distribution des résultats

Percentile par nombre de réponses

% des personnes avec chaque résultat

Votre développement - résultats

Vous n’avez pas pris ce quiz